Name the Band by Their Famous Front Man - Statistics

General Stats
  • This quiz has been taken 41 times
  • The average score is 18 of 40
Answer Stats
Front Man Band % Correct
Axl Rose Guns N' Roses
94%
Freddie Mercury Queen
94%
Mick Jagger The Rolling Stones
94%
Ozzy Osbourne Black Sabbath
88%
Bono U2
88%
Chris Martin Coldplay
85%
Kurt Cobain Nirvana
85%
Harry Styles One Direction
85%
Justin Timberlake NSYNC
79%
Jim Morrison The Doors
79%
Sting The Police
79%
Steven Tyler Aerosmith
76%
Billie Joe Armstrong Green Day
73%
Anthony Kiedis Red Hot Chili Peppers
67%
Adam Levine Maroon 5
64%
Paul Stanley KISS
61%
Nick Carter Backstreet Boys
58%
Simon Le Bon Duran Duran
58%
David Byrne Talking Heads
58%
Mark Whalberg New Kids on the Block
42%
Iggy Pop The Stooges
42%
Jungkook BTS
33%
Alex Turner Arctic Monkeys
30%
Gerard Way My Chemical Romance
27%
Brendan Urie Panic at the Disco
24%
Patrick Stump Fall Out Boy
15%
Dan Reynolds Imagine Dragons
15%
Damiano David Maneskin
15%
Mark Hoppus Blink-182
12%
Steve Harwell Smash Mouth
12%
Matty Healy The 1975
9%
Tyson Ritter The All American Rejects
6%
Justin Vernon Bon Iver
3%
Luke Hemmings Five Seconds of Summer
3%
Dave Bayley Glass Animals
3%
Wesley Schultz The Lumineers
3%
Kendall Schmidt Big Time Rush
0%
Adam Young Owl City
0%
Kevin Parker Tame Impala
0%
Ezra Koenig Vampire Weekend
0%
No matching quizzes found
Score Distribution
Percent of People with Each Score
Percentile by Number Answered
Your Score History
You have not taken this quiz